[Event "Rewal 2011 - Open A"]
[Site "Rewal"]
[Date "2011.08.25"]
[Round "6.10"]
[White "Klekowski, Maciej"]
[Black "Szymanski, Andrzej"]
[Result "1-0"]
[WhiteElo "2248"]
[BlackElo "2214"]
[EventDate "2011.??.??"]
[PlyCount "133"]

1.c4 e5 2.Nc3 Nc6 3.g3 g6 4.Bg2 Bg7 5.d3 d6 6.e4 Be6 7.Be3 Qd7 8.h4 Nf6 9.
f3 Nh5 10.Nge2 f5 11.Bf2 fxe4 12.Nxe4 h6 13.Qd2 O-O-O 14.b4 Nd4 15.Nxd4 
exd4 16.Qb2 Kb8 17.f4 Rhe8 18.Kf1 Bf5 19.Re1 Qf7 20.Kg1 Re7 21.Kh2 g5 22.
hxg5 Bxe4 23.Rxe4 Rxe4 24.Bxe4 hxg5 25.fxg5 Qe7 26.Qd2 Be5 27.Kg2 Ng7 28.
b5 Ne6 29.Rh5 Rf8 30.g6 Bf4 31.Qe2 Bg5 32.Bf3 Qf6 33.g7 Nxg7 34.Qe4 d5 35.
Qxd5 c6 36.bxc6 bxc6 37.Bxd4 cxd5 38.Bxf6 Bxf6 39.Rxd5 Kc7 40.Rc5+ Kd6 41.
Ra5 Rf7 42.d4 Bd8 43.Ra6+ Ke7 44.Bd5 Rf6 45.Rxa7+ Kf8 46.g4 Ne6 47.Bxe6 
Rxe6 48.Kf3 Bg5 49.Ra5 Bf6 50.d5 Re1 51.d6 Ke8 52.g5 Bd8 53.Rf5 Rg1 54.c5 
Kd7 55.Kf4 Kc6 56.Re5 Ba5 57.Kf5 Bd2 58.g6 Rf1+ 59.Ke6 Bc3 60.Re3 Bd4 61.
d7 Rf6+ 62.Ke7 Rxg6 63.Re6+ Rxe6+ 64.Kxe6 Kc7 65.Ke7 Bf6+ 66.Kxf6 Kxd7 67.
Ke5 1-0

[Event "Rewal 2011 - Open A"]
[Site "Rewal"]
[Date "2011.08.25"]
[Round "6.11"]
[White "Popova, Natalija"]
[Black "Janus, Przemyslaw"]
[Result "1/2-1/2"]
[WhiteElo "2317"]
[BlackElo "2134"]
[EventDate "2011.??.??"]
[PlyCount "114"]

1.e4 c5 2.Nf3 d6 3.d4 cxd4 4.Nxd4 Nf6 5.Nc3 g6 6.Bc4 Bg7 7.h3 Nc6 8.Be3 
O-O 9.Bb3 Nd7 10.O-O Nb6 11.Nd5 Nxd5 12.exd5 Na5 13.c3 Bd7 14.Re1 Bf6 15.
Qd3 Rc8 16.Rad1 a6 17.Bh6 Re8 18.Re3 Qb6 19.Qe2 Qc5 20.Qf3 b5 21.Re4 Bg7 
22.Bxg7 Kxg7 23.Qe2 Kf8 24.Qe3 Kg7 25.Rxe7 Nxb3 26.axb3 Rxe7 27.Qxe7 Qc7 
28.b4 Kg8 29.Qf6 Re8 30.Nf3 Bc8 31.Qd4 Re2 32.Rd2 Qe7 33.Qd3 Re4 34.Qb1 
Rf4 35.Qd1 Re4 36.Rd4 Re2 37.Rd2 Re4 38.Kh2 h6 39.Rd4 Re2 40.Rd2 Re4 41.
Qc1 Qf6 42.Qd1 Qe7 43.Qc1 g5 44.Rd1 g4 45.hxg4 Bxg4 46.Rd3 Kg7 47.Re3 Bxf3
48.Rxf3 Qe5+ 49.Rg3+ Kh7 50.Qd2 f6 51.Qd3 Kh8 52.Qd2 Kh7 53.Kg1 Re1+ 54.
Kh2 Re4 55.Kg1 Re1+ 56.Kh2 Re4 57.Kg1 Re1+ 1/2-1/2

[Event "Rewal 2011 - Open A"]
[Site "Rewal"]
[Date "2011.08.25"]
[Round "6.12"]
[White "Maljush, Andrej"]
[Black "Licznerski, Lukasz"]
[Result "0-1"]
[WhiteElo "2316"]
[BlackElo "2122"]
[EventDate "2011.??.??"]
[PlyCount "102"]

1.Nf3 Nf6 2.d4 e6 3.g3 b6 4.Bg2 Bb7 5.O-O Be7 6.c4 O-O 7.Nc3 Ne4 8.Qc2 
Nxc3 9.Qxc3 f5 10.Ne1 Bxg2 11.Nxg2 Bf6 12.Qd3 Qe7 13.Rb1 d6 14.d5 Nd7 15.
b4 g6 16.dxe6 Ne5 17.Qc2 Qxe6 18.Bh6 Rfe8 19.Rbc1 Ng4 20.Be3 Nxe3 21.Nxe3 
Bg5 22.c5 Bxe3 23.fxe3 Qxe3+ 24.Rf2 bxc5 25.bxc5 d5 26.c6 Rad8 27.Rb1 Rb8 
28.Rd1 Rb5 29.Qa4 Qc5 30.Qf4 Rxe2 31.Rd2 Rxf2 32.Qxf2 Qxf2+ 33.Kxf2 Kf7 
34.Ke3 Ke6 35.Kf4 h6 36.Re2+ Kd6 37.Re8 Rb4+ 38.Kf3 Re4 39.Ra8 Kxc6 40.
Rxa7 Kb6 41.Ra8 Kb5 42.Rb8+ Kc4 43.a4 Re1 44.a5 Ra1 45.Ra8 d4 46.a6 c5 47.
a7 Kd3 48.Rc8 Rxa7 49.Rxc5 Ra6 50.Rd5 Re6 51.Ra5 Kc3 0-1

[Event "Rewal 2011 - Open A"]
[Site "Rewal"]
[Date "2011.08.25"]
[Round "6.13"]
[White "Szczukiewicz, Andrzej"]
[Black "Nasuta, Grzegorz"]
[Result "0-1"]
[WhiteElo "2070"]
[BlackElo "2237"]
[EventDate "2011.??.??"]
[PlyCount "50"]

1.e4 c5 2.Nf3 d6 3.d4 cxd4 4.Nxd4 Nf6 5.Nc3 e6 6.Bc4 Be7 7.Bb3 Na6 8.O-O 
Nc5 9.Re1 O-O 10.Qf3 a6 11.Bg5 Qc7 12.Rad1 b5 13.Bxf6 Bxf6 14.a3 Bb7 15.
Ba2 Qb6 16.Qe3 Rfd8 17.f4 b4 18.axb4 Qxb4 19.Nb3 Na4 20.Nxa4 Qxa4 21.e5 
dxe5 22.fxe5 Rxd1 23.Rxd1 Qg4 24.Rd2 Bg5 25.Qe2 Qa4 0-1

[Event "Rewal 2011 - Open A"]
[Site "Rewal"]
[Date "2011.08.25"]
[Round "6.15"]
[White "Szmyd, Arkadiusz"]
[Black "Brzezinski, Mateusz"]
[Result "1-0"]
[WhiteElo "2155"]
[BlackElo "2042"]
[EventDate "2011.??.??"]
[PlyCount "55"]

1.e4 c5 2.Nf3 Nc6 3.d4 cxd4 4.Nxd4 Nf6 5.Nc3 e5 6.Ndb5 d6 7.Bg5 a6 8.Na3 
b5 9.Bxf6 gxf6 10.Nd5 f5 11.c3 Bg7 12.exf5 Bxf5 13.Nc2 O-O 14.Nce3 Bg6 15.
h4 Be4 16.Bd3 Bxd5 17.Nxd5 f5 18.Qh5 e4 19.Bc2 Ne5 20.O-O-O a5 21.f4 Nc4 
22.Rhg1 Qe8 23.Qe2 Rc8 24.g4 b4 25.Bb3 Qb5 26.Ne3 d5 27.Rxd5 bxc3 28.Rxb5 
1-0

[Event "Rewal 2011 - Open A"]
[Site "Rewal"]
[Date "2011.08.25"]
[Round "6.16"]
[White "Matuszczyk, Przemyslaw"]
[Black "Mroziak, Maciej"]
[Result "0-1"]
[WhiteElo "2032"]
[BlackElo "2153"]
[EventDate "2011.??.??"]
[PlyCount "70"]

1.e4 c5 2.b3 d6 3.Bb5+ Nd7 4.Bb2 Nf6 5.d3 e6 6.Nd2 Be7 7.f4 O-O 8.Bxd7 
Nxd7 9.Ngf3 f5 10.g3 fxe4 11.Nxe4 Nf6 12.Qe2 h6 13.O-O-O b6 14.Nf2 a5 15.
h4 Nd5 16.c4 Nb4 17.a3 Nc6 18.a4 Bf6 19.d4 Qe7 20.Rhe1 Ra7 21.Ng4 Bxd4 22.
Nxd4 Nxd4 23.Bxd4 cxd4 24.Rxd4 e5 25.fxe5 Bxg4 26.Rxg4 dxe5 27.Qxe5 Qb4 
28.Kc2 Rd7 29.Qe6+ Kh8 30.Re2 Rfd8 31.Qe3 Qa3 32.Re4 Qa2+ 33.Kc3 Qa1+ 34.
Kc2 Qd1+ 35.Kb2 Rd2+ 0-1

[Event "Rewal 2011 - Open A"]
[Site "Rewal"]
[Date "2011.08.25"]
[Round "6.17"]
[White "Guzik, Jolanta"]
[Black "Kubica, Kamil"]
[Result "1/2-1/2"]
[WhiteElo "2150"]
[BlackElo "1941"]
[EventDate "2011.??.??"]
[PlyCount "21"]

1.c4 g6 2.Nc3 Bg7 3.g3 e5 4.Bg2 c6 5.e4 Ne7 6.Nge2 O-O 7.d4 exd4 8.Nxd4 
Qb6 9.Nde2 f5 10.O-O fxe4 11.Bxe4 1/2-1/2

[Event "Rewal 2011 - Open A"]
[Site "Rewal"]
[Date "2011.08.25"]
[Round "6.20"]
[White "Gajek, Radoslaw"]
[Black "Sliwerski, Radoslaw"]
[Result "1-0"]
[WhiteElo "2054"]
[BlackElo "2174"]
[EventDate "2011.??.??"]
[PlyCount "73"]

1.e4 c5 2.Nf3 d6 3.d4 cxd4 4.Nxd4 Nf6 5.Nc3 a6 6.Bg5 e6 7.f4 Nbd7 8.Qf3 
Qc7 9.O-O-O b5 10.Bd3 Bb7 11.Rhe1 Qb6 12.Bxf6 gxf6 13.Bf1 b4 14.Nd5 exd5 
15.exd5+ Kd8 16.Qh5 Qc5 17.Qxf7 Bxd5 18.Qe8+ Kc7 19.Ne6+ Bxe6 20.Qxa8 Bf5 
21.Bd3 Bxd3 22.Rxd3 Qf2 23.Rdd1 Qxf4+ 24.Kb1 Nb6 25.Qa7+ Kc6 26.Re8 Qg4 
27.Rde1 Qxg2 28.Qxa6 Kc7 29.Qa7+ Kc6 30.Rc8+ Kb5 31.c4+ bxc3 32.a4+ Nxa4 
33.Rb8+ Kc4 34.Qxa4+ Kd3 35.Rd1+ Ke3 36.Re8+ Kf2 37.Qd4+ 1-0

[Event "Rewal 2011 - Open A"]
[Site "Rewal"]
[Date "2011.08.25"]
[Round "6.23"]
[White "Kielar, Maciej"]
[Black "Reza, Wojciech"]
[Result "1/2-1/2"]
[WhiteElo "2138"]
[BlackElo "2026"]
[EventDate "2011.??.??"]
[PlyCount "23"]

1.g3 d5 2.Bg2 Nf6 3.c4 e6 4.Nf3 Be7 5.O-O O-O 6.Qc2 d4 7.e3 c5 8.exd4 cxd4
9.d3 Nc6 10.Re1 Nd7 11.Nbd2 a5 12.b3 1/2-1/2

[Event "Rewal 2011 - Open A"]
[Site "Rewal"]
[Date "2011.08.25"]
[Round "6.24"]
[White "Cukrowski, Filip"]
[Black "Smolka, Marcin"]
[Result "1-0"]
[WhiteElo "2113"]
[BlackElo "1862"]
[EventDate "2011.??.??"]
[PlyCount "82"]

1.e4 e5 2.Nf3 Nc6 3.Bb5 a6 4.Bxc6 bxc6 5.O-O d6 6.d4 exd4 7.Nxd4 c5 8.Ne2 
Bb7 9.f3 g6 10.c4 Bg7 11.Nbc3 Ne7 12.Bg5 O-O 13.Qd2 Qd7 14.Bh6 Rfd8 15.
Bxg7 Kxg7 16.Rad1 Qe6 17.b3 Rf8 18.Nf4 Qe5 19.Rfe1 Nc6 20.Nfd5 Rac8 21.Qb2
Nd4 22.f4 Qh5 23.Ne2 f6 24.Nxd4 Bxd5 25.cxd5 cxd4 26.Qxd4 Qg4 27.Rf1 c5 
28.Qa4 Rce8 29.Rde1 Re7 30.Qxa6 Rfe8 31.Qc4 Ra8 32.Rf2 Rb8 33.Qc3 Rbe8 34.
Qd3 g5 35.h3 Qh4 36.fxg5 f5 37.Qc3+ Kg8 38.Rxf5 Rxe4 39.Ref1 Re1 40.Rxe1 
Rxe1+ 41.Kh2 Qd4 1-0

[Event "Rewal 2011 - Open A"]
[Site "Rewal"]
[Date "2011.08.25"]
[Round "6.25"]
[White "Berlin, Tatiana"]
[Black "Koitka, Jakub"]
[Result "0-1"]
[WhiteElo "2206"]
[BlackElo "1917"]
[EventDate "2011.??.??"]
[PlyCount "64"]

1.e4 e5 2.Nf3 Nc6 3.Bb5 a6 4.Ba4 Nf6 5.Qe2 b5 6.Bb3 Bc5 7.c3 O-O 8.O-O d6 
9.a4 Be6 10.Bc2 b4 11.h3 b3 12.Bd3 Nh5 13.Re1 Qf6 14.g4 Nf4 15.Qf1 Qh6 16.
Be2 Nxh3+ 17.Kg2 Nf4+ 18.Kg3 Nxe2+ 19.Qxe2 Qf4+ 20.Kg2 Qxg4+ 21.Kh1 Qh5+ 
22.Nh2 Qxe2 23.Rxe2 Bc4 24.d3 Bxd3 25.Rd2 Bxe4+ 26.f3 Bxb1 27.Rxb1 Be3 28.
Rg2 Bxc1 29.Rxc1 f5 30.Rcg1 g6 31.Nf1 Kf7 32.Nd2 Rab8 0-1

[Event "Rewal 2011 - Open A"]
[Site "Rewal"]
[Date "2011.08.25"]
[Round "6.26"]
[White "Wandzik, Wojciech"]
[Black "Sielicki, Tomasz"]
[Result "1-0"]
[WhiteElo "2239"]
[BlackElo "2022"]
[EventDate "2011.??.??"]
[PlyCount "95"]

1.e4 e5 2.Nf3 Nc6 3.Bb5 a6 4.Bxc6 dxc6 5.O-O Bg4 6.h3 h5 7.d3 Qf6 8.Nbd2 
Ne7 9.Nc4 Bxf3 10.Qxf3 Qxf3 11.gxf3 Ng6 12.Rd1 O-O-O 13.Kf1 c5 14.Ke2 b6 
15.Be3 Bd6 16.c3 Rhe8 17.Rg1 Bf8 18.Rg5 h4 19.a3 Be7 20.Rxg6 fxg6 21.Nxe5 
Rd6 22.Rg1 g5 23.Nf7 Rd7 24.Nxg5 Bf6 25.Rg4 Red8 26.Ne6 Re8 27.Nf4 c6 28.
Ng6 a5 29.e5 Bd8 30.f4 Rf7 31.Kf3 Rd7 32.Ke4 c4 33.d4 b5 34.Nxh4 b4 35.
axb4 axb4 36.Nf5 bxc3 37.bxc3 Ba5 38.Bd2 Rh8 39.h4 Bd8 40.Rg6 Kc7 41.e6 
Rd5 42.Rxg7+ Kc8 43.h5 Re8 44.Rg6 Be7 45.h6 Kd8 46.h7 Rf8 47.Rg8 Rxf5 48.
h8=Q 1-0

[Event "Rewal 2011 - Open A"]
[Site "Rewal"]
[Date "2011.08.25"]
[Round "6.27"]
[White "Spicak, Krzysztof"]
[Black "Smola, Michal"]
[Result "0-1"]
[WhiteElo "2054"]
[BlackElo "2187"]
[EventDate "2011.??.??"]
[PlyCount "104"]

1.Nf3 b6 2.g3 Bb7 3.Bg2 Nf6 4.O-O e6 5.d3 d5 6.Ne5 Nbd7 7.f4 Bd6 8.d4 O-O 
9.Nd2 c5 10.e3 b5 11.c3 b4 12.Nxd7 Nxd7 13.Re1 a5 14.c4 Qb6 15.cxd5 exd5 
16.dxc5 Nxc5 17.Nb3 a4 18.Nd4 Ne4 19.a3 Bc5 20.Bxe4 dxe4 21.axb4 Bxb4 22.
Bd2 Bd5 23.Re2 Bc4 24.Rf2 Bxd2 25.Rxd2 Bb3 26.Qe1 h6 27.h4 Rfd8 28.Kf2 Bc4
29.Rc1 Bd3 30.Rc6 Qb7 31.Qc1 Rac8 32.Qc3 Qd7 33.f5 Qb7 34.g4 Rxc6 35.Qxc6 
Qb4 36.Ke1 Qe7 37.f6 Qe5 38.Nf5 a3 39.bxa3 Rb8 40.Qd6 Qa1+ 41.Kf2 Qf1+ 42.
Kg3 Qe1+ 43.Kf4 Re8 44.Ne7+ Kh7 45.Rb2 Qxh4 46.Ke5 Qg3+ 47.Kd5 Qxg4 48.Rf2
g6 49.Kd4 Qg1 50.Qd5 Qa1+ 51.Kc5 Qc3+ 52.Kb6 Rb8+ 0-1

[Event "Rewal 2011 - Open A"]
[Site "Rewal"]
[Date "2011.08.25"]
[Round "6.29"]
[White "Kaminski, Piotr"]
[Black "Andrzejewska, Anna"]
[Result "1/2-1/2"]
[WhiteElo "2158"]
[BlackElo "1987"]
[EventDate "2011.??.??"]
[PlyCount "81"]

1.d4 d5 2.Nf3 c6 3.Bf4 Nf6 4.e3 e6 5.Bd3 Bd6 6.O-O O-O 7.Bg5 Nbd7 8.Nbd2 
b6 9.e4 dxe4 10.Nxe4 Be7 11.Qe2 Bb7 12.Rad1 Nxe4 13.Qxe4 g6 14.Qh4 Re8 15.
Rfe1 c5 16.Bxe7 Qxe7 17.Ng5 Nf8 18.dxc5 bxc5 19.Re3 Rad8 20.Rde1 Rd4 21.
Qg3 Red8 22.b3 Nd7 23.Nf3 Rd6 24.Ne5 Nf6 25.Nc4 Rd4 26.f3 Nh5 27.Qf2 Nf4 
28.Bf1 Qg5 29.g3 Nd5 30.Re5 Qf6 31.Bg2 Ba6 32.Bf1 Bb7 33.a3 Nc3 34.Bg2 Bd5
35.Nb2 Bb7 36.Nd3 c4 37.bxc4 Rxc4 38.Rc5 Rxc5 39.Qxc5 Qd4+ 40.Qxd4 Rxd4 
41.f4 1/2-1/2

[Event "Rewal 2011 - Open A"]
[Site "Rewal"]
[Date "2011.08.25"]
[Round "6.31"]
[White "Kasperek, Joanna"]
[Black "Zielinski, Wojciech"]
[Result "1-0"]
[WhiteElo "2025"]
[BlackElo "2097"]
[EventDate "2011.??.??"]
[PlyCount "41"]

1.e4 e6 2.d4 b6 3.Nf3 Bb7 4.Bd3 c5 5.c3 Be7 6.O-O cxd4 7.cxd4 Nf6 8.Nc3 
O-O 9.Bg5 h6 10.Bf4 d5 11.e5 Ne4 12.Re1 f5 13.exf6 Rxf6 14.Be5 Nxc3 15.
bxc3 Rf8 16.Bc2 Qe8 17.Qd3 Rf5 18.Bxb8 Rxb8 19.Rxe6 Rf6 20.Qh7+ Kf8 21.Ne5
1-0

[Event "Rewal 2011 - Open A"]
[Site "Rewal"]
[Date "2011.08.25"]
[Round "6.32"]
[White "Rychlik, Hanna"]
[Black "Paszewski, Mateusz"]
[Result "1/2-1/2"]
[WhiteElo "2081"]
[BlackElo "1905"]
[EventDate "2011.??.??"]
[PlyCount "85"]

1.d4 d5 2.g3 Nf6 3.Bg2 c6 4.Nf3 e6 5.c4 Nbd7 6.O-O Bd6 7.Nc3 O-O 8.Nd2 Bc7
9.e4 dxe4 10.Ndxe4 Nxe4 11.Nxe4 Qe7 12.Re1 h6 13.b3 Nf6 14.Nxf6+ Qxf6 15.
Bb2 Bb6 16.Re2 Qg6 17.Qe1 Bd7 18.Rd1 Rad8 19.Qc3 Rfe8 20.b4 Bc8 21.Red2 
Qf6 22.c5 Bc7 23.f4 Qg6 24.Re1 Rd7 25.Rde2 Bd8 26.Qf3 Rde7 27.a4 a6 28.Qb3
h5 29.Re5 Bc7 30.Rg5 Qh6 31.Bf3 g6 32.Bxh5 Kf8 33.Bf3 e5 34.Rgxe5 Bxe5 35.
dxe5 Be6 36.Qa3 Rd7 37.Bc1 Qh3 38.Bg2 Qf5 39.Be4 Qh3 40.Bg2 Qf5 41.Be4 Qh3
42.Qf3 Red8 43.Be3 1/2-1/2

[Event "Rewal 2011 - Open A"]
[Site "Rewal"]
[Date "2011.08.25"]
[Round "6.34"]
[White "Przybylka, Damian"]
[Black "Zmarzly, Aleksandra"]
[Result "0-1"]
[WhiteElo "2030"]
[BlackElo "2094"]
[EventDate "2011.??.??"]
[PlyCount "56"]

1.e4 e6 2.d4 d5 3.e5 c5 4.c3 Nc6 5.Nf3 Bd7 6.a3 f6 7.b4 fxe5 8.b5 Nxd4 9.
cxd4 exd4 10.a4 Bd6 11.g3 Nf6 12.Bg2 O-O 13.Ba3 e5 14.O-O Qc7 15.Nbd2 e4 
16.Ng5 Rae8 17.Re1 Bf5 18.Nb3 h6 19.Nh3 b6 20.Rc1 Qd7 21.Nf4 Bxf4 22.gxf4 
Bg4 23.Qd2 Nh5 24.Nxc5 bxc5 25.Bxc5 Nxf4 26.Bxf8 Nxg2 27.Qxd4 Nxe1 28.Rxe1
Rxf8 0-1

[Event "Rewal 2011 - Open A"]
[Site "Rewal"]
[Date "2011.08.25"]
[Round "6.35"]
[White "Lewtak, Damian"]
[Black "Puczylowski, Marcin"]
[Result "0-1"]
[WhiteElo "2093"]
[BlackElo "2011"]
[EventDate "2011.??.??"]
[PlyCount "90"]

1.e4 c5 2.Nf3 e6 3.d4 cxd4 4.Nxd4 Nf6 5.Nc3 Bb4 6.Bd3 e5 7.Nf3 d5 8.Bb5+ 
Bd7 9.Bxd7+ Nbxd7 10.exd5 e4 11.Nd2 O-O 12.O-O Re8 13.Ncb1 Ne5 14.c3 Bc5 
15.c4 e3 16.fxe3 Bxe3+ 17.Kh1 Nfg4 18.Nf3 Nxc4 19.Nc3 Bxc1 20.Rxc1 Nge3 
21.Qd4 Nxf1 22.Rxf1 Ne3 23.Rb1 Nf5 24.Qf4 Nd6 25.h3 Rc8 26.Rf1 Rc4 27.Qd2 
Qf6 28.Qd3 Qg6 29.Qd2 a6 30.Rd1 Qf6 31.Kg1 Qf4 32.Qxf4 Rxf4 33.Kf2 Kf8 34.
b3 Ne4+ 35.Nxe4 Rfxe4 36.Rd2 Ke7 37.Ng5 Re5 38.Nf3 Rf5 39.g4 Rf6 40.Rd4 
Kd6 41.a4 Rc8 42.Rd3 Rc5 43.Kg3 Rxd5 44.Rc3 Kd7 45.g5 Rxf3+ 0-1

[Event "Rewal 2011 - Open A"]
[Site "Rewal"]
[Date "2011.08.25"]
[Round "6.36"]
[White "Miturova, Magdalena"]
[Black "Ziebinski, Bartosz"]
[Result "1-0"]
[WhiteElo "2072"]
[BlackElo "2003"]
[EventDate "2011.??.??"]
[PlyCount "79"]

1.e4 c5 2.Nf3 d6 3.d4 cxd4 4.Nxd4 Nf6 5.Nc3 a6 6.Bc4 e6 7.Bb3 b5 8.Qf3 Qc7
9.Bg5 Be7 10.Bxf6 Bxf6 11.O-O-O Bxd4 12.Rxd4 Nc6 13.Rd2 O-O 14.Qg3 b4 15.
Qxd6 Qxd6 16.Rxd6 bxc3 17.Rxc6 cxb2+ 18.Kxb2 Bb7 19.Rc4 Rfd8 20.Kc1 Rac8 
21.Rxc8 Rxc8 22.f3 Kf8 23.Rd1 Ke7 24.Kb2 Bc6 25.e5 a5 26.a4 Bd7 27.Rd3 Rb8
28.Rd4 Rb6 29.Rg4 g6 30.Rc4 f6 31.exf6+ Kxf6 32.Kc3 h5 33.Rc5 Ra6 34.Kd4 
g5 35.h4 g4 36.Rxh5 gxf3 37.gxf3 e5+ 38.Rxe5 Rd6+ 39.Rd5 Rxd5+ 40.Kxd5 1-0

[Event "Rewal 2011 - Open A"]
[Site "Rewal"]
[Date "2011.08.25"]
[Round "6.38"]
[White "Bes, Michal"]
[Black "Krupa, Krzysztof"]
[Result "1-0"]
[WhiteElo "1906"]
[BlackElo "2035"]
[EventDate "2011.??.??"]
[PlyCount "93"]

1.e4 e5 2.d4 exd4 3.Nf3 Nc6 4.Bc4 Nf6 5.O-O Bc5 6.e5 d5 7.exf6 dxc4 8.Re1+
Be6 9.fxg7 Rg8 10.Bg5 Qd5 11.Nc3 Qf5 12.Ne4 Be7 13.Bxe7 Kxe7 14.Nxd4 Nxd4 
15.Qxd4 Rad8 16.Qxa7 Rxg7 17.Qxb7 Rd7 18.Qb4+ Ke8 19.Qc3 Rg6 20.Ng3 Qf4 
21.Re4 Qg5 22.f4 Qc5+ 23.Qe3 Qxe3+ 24.Rxe3 f5 25.Nxf5 Kf7 26.Ng3 Bd5 27.
Rd1 c6 28.b3 Ra7 29.Rd4 cxb3 30.axb3 Ra1+ 31.Kf2 Rc1 32.Re2 Rf6 33.c4 Be6 
34.Nh5 Rh6 35.Rde4 Bg4 36.Re7+ Kg6 37.Rg7+ Kxh5 38.Re3 Rc2+ 39.Kg3 Rd6 40.
Re5+ Kh6 41.Rxg4 Rg6 42.Rxg6+ hxg6 43.Re6 c5 44.f5 Rc3+ 45.Kg4 Rxb3 46.
Rxg6+ Kh7 47.Rc6 1-0

[Event "Rewal 2011 - Open A"]
[Site "Rewal"]
[Date "2011.08.25"]
[Round "6.39"]
[White "Falkowski, Dawid"]
[Black "Duszenko, Michal"]
[Result "1-0"]
[WhiteElo "2059"]
[BlackElo "1840"]
[EventDate "2011.??.??"]
[PlyCount "74"]

1.e4 e5 2.d4 exd4 3.Qxd4 Nc6 4.Qe3 Nf6 5.Nc3 Bb4 6.Bd2 Qe7 7.O-O-O d6 8.
Bc4 Ne5 9.Bb3 Be6 10.Nd5 Bxd5 11.exd5 Bxd2+ 12.Rxd2 Ng6 13.Ba4+ Nd7 14.
Bxd7+ Kxd7 15.Qh3+ Kd8 16.Nf3 Qd7 17.Qh5 a5 18.Re1 Ra6 19.Rde2 Rb6 20.Nh4 
Qa4 21.Nxg6 fxg6 22.Qg5+ Kc8 23.Kb1 Kb8 24.Qe7 Qd4 25.b3 Rc8 26.Qe6 Rf8 
27.f3 Rb5 28.Qe7 Rc8 29.Re4 Qxd5 30.Qxg7 Qh5 31.Re7 Qxh2 32.R1e2 a4 33.Qd4
axb3 34.axb3 Qh5 35.Re8 Qd5 36.Rxc8+ Kxc8 37.Qh8+ Kd7 1-0

[Event "Rewal 2011 - Open A"]
[Site "Rewal"]
[Date "2011.08.26"]
[Round "7.2"]
[White "Cyborowski, Lukasz"]
[Black "Ivanov, Mikhail M"]
[Result "1-0"]
[WhiteElo "2537"]
[BlackElo "2410"]
[EventDate "2011.??.??"]
[PlyCount "58"]

1.d4 Nf6 2.Nf3 g6 3.Nbd2 d5 4.e3 Bg7 5.b4 c6 6.Bb2 a5 7.b5 a4 8.Ba3 O-O 9.
bxc6 bxc6 10.c4 Nbd7 11.cxd5 cxd5 12.Bd3 Re8 13.O-O Ba6 14.Bxa6 Rxa6 15.
Qc2 e6 16.Rfc1 Qa5 17.Rab1 Ra7 18.Ne1 h5 19.Nd3 Raa8 20.Nf3 Ne4 21.Qc6 Bf8
22.Bxf8 Nxf8 23.Nfe5 Rec8 24.Qxc8 Rxc8 25.Rxc8 Nd6 26.Rc6 Nc4 27.Nxc4 dxc4
28.Rxc4 Nd7 29.h3 Nf6 {...} 1-0

[Event "Rewal 2011 - Open A"]
[Site "Rewal"]
[Date "2011.08.26"]
[Round "7.3"]
[White "Koziak, Vitali"]
[Black "Dragun, Kamil"]
[Result "1-0"]
[WhiteElo "2484"]
[BlackElo "2428"]
[EventDate "2011.??.??"]
[PlyCount "69"]

1.d4 Nf6 2.c4 g6 3.Nc3 d5 4.Nf3 Bg7 5.Bf4 O-O 6.Rc1 dxc4 7.e3 c5 8.Bxc4 
cxd4 9.exd4 a6 10.Ne5 e6 11.O-O Nc6 12.Nxc6 bxc6 13.Be5 Nd5 14.Ne4 f6 15.
Bd6 Rf7 16.Bc5 Rd7 17.Re1 f5 18.Nd2 Rb7 19.Rc2 Bf6 20.Nf3 g5 21.h3 Rg7 22.
Ne5 Bxe5 23.Rxe5 g4 24.hxg4 Rxg4 25.f3 Rg7 26.Qe1 Kh8 27.Bxd5 cxd5 28.Re3 
Rb8 29.Rec3 Kg8 30.Qe5 Bd7 31.Bd6 Rb7 32.Qe2 Rg6 33.Qxa6 Rb6 34.Qa5 Qh4 
35.Qa8+ 1-0

[Event "Rewal 2011 - Open A"]
[Site "Rewal"]
[Date "2011.08.26"]
[Round "7.4"]
[White "Ziaziulkina, Nastassia"]
[Black "Klim, Kamil"]
[Result "0-1"]
[WhiteElo "2291"]
[BlackElo "2328"]
[PlyCount "196"]
[EventDate "2011.??.??"]

1. e4 e5 2. Nf3 Nc6 3. Bb5 a6 4. Ba4 Nf6 5. O-O Be7 6. Re1 b5 7. Bb3 d6 8. c3
O-O 9. h3 a5 10. d4 a4 11. Bc2 Bd7 12. Na3 Qb8 13. Bd3 exd4 14. cxd4 Nb4 15.
Bb1 d5 16. Bg5 h6 17. Bh4 dxe4 18. Bxe4 Ra6 19. Bb1 Re8 20. Nc2 Nbd5 21. a3 Bf8
22. Ne5 Bf5 23. Ba2 Be6 24. Qf3 Qa8 25. Rac1 c5 26. dxc5 Bxc5 27. Nd3 Ba7 28.
Ncb4 Nxb4 29. Qxa8 Rxa8 30. Nxb4 Rd6 31. Bxe6 fxe6 32. Rc2 Rf8 33. Bg3 Rd7 34.
Rxe6 Nh5 35. Bd6 Rfd8 36. Bc5 Nf4 37. Re1 Bb8 38. Be3 Rd1 39. Rxd1 Rxd1+ 40.
Kh2 Nd5+ 41. g3 Nxe3 42. Rc8+ Kh7 43. Rxb8 Rd2 44. Kg1 Nc4 45. Rxb5 Rxb2 46.
Rc5 Nxa3 47. Nd3 Rd2 48. Nc1 Nc2 49. Na2 Nd4 50. Nc3 a3 51. Ra5 Rc2 52. Rxa3
Rxc3 53. Ra6 Rc2 54. Kg2 Nf5 55. Ra3 Nd6 56. Re3 Rd2 57. Re6 Kg8 58. Re7 Kf8
59. Re3 Kf7 60. Rf3+ Kg6 61. Rf4 Nf5 62. Rf3 Rc2 63. Rf4 Ne3+ 64. Kf3 Nd5 65.
Rd4 Nf6 66. Rf4 Rc5 67. Kg2 Kf7 68. Ra4 g5 69. Ra8 Rc2 70. Kf3 Kg6 71. Ra6 Rc5
72. Ra8 Kf5 73. Ra2 Rd5 74. Rb2 Ne4 75. Ke3 Nf6 76. Kf3 h5 77. Ra2 Ne4 78. Ke3
Rb5 79. Ra3 Nf6 80. Kf3 Nd7 81. Kg2 Ne5 82. Re3 Rb1 83. Ra3 Rd1 84. Ra5 g4 85.
h4 Ke4 86. Ra4+ Kd5 87. Ra6 Ke4 88. Ra4+ Rd4 89. Ra1 Rc4 90. Kf1 Nd3 91. Ra2
Kf3 92. Kg1 Rc1+ 93. Kh2 Rf1 94. Ra8 Rxf2+ 95. Kg1 Kxg3 96. Ra3 Rf3 97. Ra5 Re3
98. Ra1 Re1+ 0-1

[Event "Rewal 2011 - Open A"]
[Site "Rewal"]
[Date "2011.08.26"]
[Round "7.5"]
[White "Westerinen, Heikki M.j"]
[Black "Szmyd, Arkadiusz"]
[Result "1-0"]
[WhiteElo "2355"]
[BlackElo "2155"]
[EventDate "2011.??.??"]
[PlyCount "99"]

1.e4 Nf6 2.e5 Nd5 3.d4 d6 4.Nf3 Bg4 5.Be2 e6 6.h3 Bxf3 7.Bxf3 Nc6 8.c4 Nb6
9.exd6 cxd6 10.d5 exd5 11.cxd5 Ne5 12.Be4 g6 13.O-O Bg7 14.Nc3 f5 15.Bc2 
O-O 16.Ne2 Ned7 17.Rb1 a5 18.Nf4 Nc5 19.Be3 Be5 20.Ne6 Nxe6 21.dxe6 Nc8 
22.Qd5 Qe7 23.Ba4 f4 24.Bd4 Bxd4 25.Qxd4 f3 26.g3 Qf6 27.Rbd1 Qxd4 28.Rxd4
Ra6 29.Rc1 Rb6 30.Rc7 Rxb2 31.e7 Rb1+ 32.Rd1 Rxd1+ 33.Bxd1 Re8 34.Ba4 Rxe7
35.Rxc8+ Kg7 36.Kf1 Re4 37.Bd1 b5 38.Bxf3 Ra4 39.Rc2 b4 40.Ke2 Kf6 41.Bd5 
Ra3 42.Kd2 Ke5 43.Bg8 h6 44.Kc1 g5 45.Rd2 Rc3+ 46.Kd1 Rc5 47.Bb3 d5 48.
Re2+ Kd4 49.Re6 h5 50.Rg6 1-0

[Event "Rewal 2011 - Open A"]
[Site "Rewal"]
[Date "2011.08.26"]
[Round "7.7"]
[White "Mroziak, Maciej"]
[Black "Pacuszka, Tomasz"]
[Result "0-1"]
[WhiteElo "2153"]
[BlackElo "2289"]
[EventDate "2011.??.??"]
[PlyCount "144"]

1.e4 e5 2.Nf3 Nc6 3.d4 exd4 4.Nxd4 Bc5 5.Be3 Qf6 6.c3 Nge7 7.Bc4 d6 8.O-O 
Ne5 9.Be2 Qg6 10.Kh1 a6 11.f4 N5c6 12.Nd2 h5 13.f5 Qh7 14.N2f3 f6 15.b4 
Bxd4 16.Nxd4 Ne5 17.c4 g6 18.Qc2 Bd7 19.Rad1 N7c6 20.Nxc6 Bxc6 21.b5 Bd7 
22.c5 axb5 23.cxd6 c6 24.Bd4 gxf5 25.exf5 Qf7 26.Bxe5 fxe5 27.Rd2 Qf6 28.
Qd1 Ra4 29.Bxh5+ Kd8 30.Bg6 c5 31.Kg1 Bc6 32.Qc1 Rc4 33.Qa3 Kd7 34.Qa5 Rc8
35.Be8+ Kxe8 36.d7+ Bxd7 37.Rxd7 Qc6 38.Rg7 b4 39.f6 Rf4 40.Rxf4 exf4 41.
Re7+ Kf8 42.Qa7 Qxf6 43.Rxb7 Qd4+ 44.Kf1 Re8 45.Rf7+ Kg8 46.Re7 Rxe7 47.
Qxe7 Qa1+ 48.Kf2 Qxa2+ 49.Kf3 Qd5+ 50.Kf2 b3 51.Qe8+ Kg7 52.Qe7+ Kg6 53.
Qe8+ Kf5 54.Qh5+ Ke4 55.Qf3+ Ke5 56.Qh5+ Kd4 57.Qd1+ Kc4 58.Qc1+ Kb5 59.
Ke1 Qe4+ 60.Kd1 Qd3+ 61.Ke1 Qe3+ 62.Kd1 c4 63.Qa3 Qg1+ 64.Kd2 Qxg2+ 65.Kc3
Qc2+ 66.Kd4 Qd3+ 67.Ke5 f3 68.Qa7 Kb4 69.h4 b2 70.Qb6+ Kc3 71.Qa5+ Kc2 72.
Qa2 f2 0-1

[Event "Rewal 2011 - Open A"]
[Site "Rewal"]
[Date "2011.08.26"]
[Round "7.8"]
[White "Obrusnik, Michal"]
[Black "Licznerski, Lukasz"]
[Result "0-1"]
[WhiteElo "2255"]
[BlackElo "2122"]
[PlyCount "84"]
[EventDate "2011.??.??"]

1. d4 Nf6 2. c4 c5 3. d5 b5 4. cxb5 a6 5. bxa6 Bxa6 6. Nc3 d6 7. g3 g6 8. Bg2
Bg7 9. Nf3 O-O 10. O-O Nbd7 11. Rb1 Qa5 12. Bd2 Rfb8 13. Qc2 Qd8 14. b3 Nb6 15.
Nh4 c4 16. b4 Bb7 17. e4 Qe8 18. b5 Nfd7 19. Be3 Ra3 20. Ne2 Rba8 21. Bd4 e5
22. Bxb6 Nxb6 23. Nc3 Qc8 24. Rfd1 Qc5 25. Bf1 Bf6 26. Ng2 Na4 27. Ne2 Nb6 28.
Nc3 Na4 29. Ne2 Rf3 30. Ne3 Bg5 31. Bg2 Rxf2 32. Kxf2 Bxe3+ 33. Kf1 Bc8 34. h3
f5 35. b6 Nxb6 36. Nc3 fxe4 37. Nxe4 Bf5 38. Ke2 Bxe4 39. Bxe4 Bf2 40. Kf1 Rf8
41. Qe2 Bxg3+ 42. Bf3 e4 0-1